[Event "XXXIV Moglianoscacchi C"]
[Site "Mogliano Veneto ITA"]
[Date "2013.04.25"]
[Round "1"]
[White "Balzan, Alessandro"]
[Black "De Col, Daniele"]
[WhiteElo "1530"]
[BlackElo "1418"]
[Result "1/2-1/2"]
[PlyCount "130"]
[EventDate "2013.04.25"]

1. e4 e5 2. Nf3 Nc6 3. d4 exd4 4. Bc4 Qe7 5. O-O d6 6. Nxd4 Nxd4 7. Qxd4 Be6 8.
Bxe6 fxe6 9. Nc3 a6 10. Bd2 Nf6 11. Bg5 Qf7 12. Bxf6 gxf6 13. f4 Bg7 14. Qa4+
c6 15. Qb3 f5 16. exf5 Qxf5 17. Qxb7 O-O 18. Qxc6 Rfd8 19. Qe4 Bxc3 20. Qxf5
Bd4+ 21. Kh1 exf5 22. c3 Bf6 23. g3 Rab8 24. Rf2 d5 25. Rd1 d4 26. Rfd2 dxc3
27. Rxd8+ Bxd8 28. bxc3 Bf6 29. c4 Rb2 30. Rd6 Kg7 31. Rxa6 Rc2 32. Ra5 Kg6 33.
a3 Kh5 34. Ra7 h6 35. Rc7 Kg4 36. Kg1 Bd4+ 37. Kf1 Kf3 38. Ke1 Bc3+ 39. Kd1
Rxh2 40. Rd7 Bb2 41. c5 Bxa3 42. Rd3+ Kg4 43. Rxa3 Rb2 44. Rc3 Rb7 45. c6 Rc7
46. Kc2 h5 47. Rc4 Kxg3 48. Kb3 h4 49. Kb4 h3 50. Kb5 h2 51. Rc3+ Kxf4 52. Rh3
Ke5 53. Kb6 Rc8 54. Rxh2 f4 55. Re2+ Kf5 56. Re7 f3 57. Kb7 Rf8 58. Re1 Kg4 59.
Rg1+ Kf4 60. c7 f2 61. Rb1 Kg3 62. Rb3+ Kg2 63. Rb2 Kg1 64. Rb1+ f1=Q 65. Rxf1+
Kxf1 1/2-1/2

[Event "XXXIV Moglianoscacchi C"]
[Site "Mogliano Veneto ITA"]
[Date "2013.04.25"]
[Round "1"]
[White "Beltrame, Leonardo"]
[Black "Bellucco, Nicola"]
[WhiteElo "1552"]
[BlackElo "1428"]
[Result "1-0"]
[PlyCount "143"]
[EventDate "2013.04.25"]

1. e4 c6 2. d4 d5 3. Nc3 dxe4 4. Nxe4 Bf5 5. Ng3 Bg6 6. Nf3 e6 7. h4 h6 8. h5
Bh7 9. Bd3 Bxd3 10. Qxd3 Nf6 11. Bd2 Nbd7 12. Ne4 Qc7 13. g3 Nxe4 14. Qxe4 Nf6
15. Qe2 O-O-O 16. Bf4 Qa5+ 17. Bd2 Qf5 18. O-O-O Bd6 19. Rde1 Bc7 20. c3 Qd5
21. c4 Qd7 22. Ne5 Qe7 23. Bc3 Rhf8 24. f3 Nd7 25. Nxd7 Rxd7 26. f4 Rg8 27. Qf2
Bb6 28. c5 Bd8 29. Qd2 Qe8 30. Ba5 Bf6 31. Bc3 Qd8 32. Rd1 Re7 33. Qg2 Rd7 34.
Qf2 Rd5 35. g4 Qe7 36. Rd3 Rgd8 37. Rhd1 R8d7 38. b4 Qd8 39. Kc2 Qg8 40. Qe3 g6
41. Rg1 Qg7 42. g5 hxg5 43. fxg5 Bxd4 44. Bxd4 Rxd4 45. h6 Qh8 46. Rxd4 Rxd4
47. Rf1 Rd7 48. Qc3 Qxc3+ 49. Kxc3 Rd8 50. Rxf7 e5 51. Re7 Rh8 52. h7 Kb8 53.
Rg7 Rxh7 54. Rxh7 b6 55. cxb6 axb6 56. Rg7 c5 57. bxc5 bxc5 58. Kc4 e4 59. Kxc5
e3 60. Re7 e2 61. Rxe2 Kc7 62. Re7+ Kd8 63. Rg7 Ke8 64. Rxg6 Kf7 65. Rf6+ Kg7
66. a4 Kh7 67. a5 Kg7 68. a6 Kh7 69. a7 Kg7 70. a8=Q Kh7 71. Qb7+ Kg8 72. Ra6
1-0

[Event "XXXIV Moglianoscacchi C"]
[Site "Mogliano Veneto ITA"]
[Date "2013.04.25"]
[Round "1"]
[White "De Luca, Stefano"]
[Black "Schiera, Ignazio"]
[WhiteElo "1380"]
[BlackElo "1476"]
[Result "0-1"]
[PlyCount "142"]
[EventDate "2013.04.25"]

1. d4 Nf6 2. Nf3 e6 3. Bf4 d6 4. h3 Nc6 5. e3 a6 6. Nbd2 Be7 7. Bd3 Nb4 8. Ne4
Nxd3+ 9. Qxd3 Bd7 10. c4 d5 11. Ned2 Bd6 12. Ne5 dxc4 13. Ndxc4 Bb4+ 14. Ke2
Nd5 15. Bg3 Bb5 16. Rac1 Bd6 17. f4 f6 18. Bh4 Be7 19. Nf3 f5 20. Bxe7 Qxe7 21.
Kf2 Nf6 22. Rhe1 Ne4+ 23. Kg1 O-O 24. Qb3 Bc6 25. Nce5 Bd5 26. Qa4 c6 27. Nd3
Rf6 28. Nb4 Rg6 29. Nxd5 exd5 30. Qd1 Rg3 31. Rc2 Qf7 32. Nh2 Qg6 33. Nf1 Rxh3
34. Nh2 Re8 35. Kh1 Rh6 36. Qf3 Qf6 37. Rg1 Qh4 38. g3 Qh3 39. Rgg2 Rhe6 40.
Kg1 Qh6 41. g4 Nf6 42. Rce2 fxg4 43. Nxg4 Nxg4 44. Rxg4 Qf6 45. Rg5 h6 46. Re5
Rxe5 47. dxe5 Rxe5 48. Qg3 Rf5 49. Rg2 Kh7 50. Kf1 Qf7 51. Qf3 Rf6 52. b3 Qe6
53. Re2 Qe4 54. Qxe4+ dxe4 55. Rc2 Rd6 56. Ke1 Kg6 57. Rc4 Kf5 58. Rc2 g5 59.
Rh2 gxf4 60. Rh5+ Kg4 61. Re5 fxe3 62. Rxe4+ Kf3 63. Re7 b5 64. Rf7+ Ke4 65.
Re7+ Kd3 66. Rf7 Re6 67. Rd7+ Kc2 68. Ke2 Kb2 69. Ra7 c5 70. Rg7 Kxa2 71. Rg2
Kxb3 0-1

[Event "XXXIV Moglianoscacchi C"]
[Site "Mogliano Veneto ITA"]
[Date "2013.04.25"]
[Round "1"]
[White "Luu, Gianmarco"]
[Black "Pomponio, Stefano"]
[WhiteElo "1392"]
[BlackElo "1510"]
[Result "1-0"]
[PlyCount "77"]
[EventDate "2013.04.25"]

1. e4 d5 2. exd5 Qxd5 3. Nc3 Qa5 4. Nf3 c6 5. b3 Bf5 6. Bb2 f6 7. Bc4 Nd7 8.
O-O e5 9. d3 Ne7 10. h3 b5 11. b4 Qxb4 12. Bb3 a5 13. a3 Qd6 14. Ne4 Qc7 15.
Nh4 Bxe4 16. dxe4 O-O-O 17. Qg4 h5 18. Qe2 Nc5 19. a4 Nxb3 20. cxb3 Qb7 21.
axb5 Qb6 22. Rfc1 g5 23. Nf5 c5 24. Ba3 Nxf5 25. exf5 Rd5 26. b4 Kb8 27. bxc5
Bxc5 28. Bxc5 Rxc5 29. Rxc5 Qxc5 30. Rxa5 Kb7 31. Ra1 h4 32. Rb1 Rc8 33. Qa2
Qd6 34. Ra1 Qb6 35. Qf7+ Rc7 36. Qd5+ Kc8 37. Ra8+ Qb8 38. Rxb8+ Kxb8 39. b6
1-0

[Event "XXXIV Moglianoscacchi C"]
[Site "Mogliano Veneto ITA"]
[Date "2013.04.25"]
[Round "1"]
[White "Rigo, Mario"]
[Black "Piazzetta, Mattia"]
[WhiteElo "1483"]
[BlackElo "1389"]
[Result "1-0"]
[PlyCount "91"]
[EventDate "2013.04.25"]

1. e4 c5 2. Nc3 g6 3. g3 Nc6 4. Bg2 Bg7 5. d3 e6 6. Bd2 d6 7. f4 Nge7 8. Nge2
a6 9. a4 Bd7 10. O-O O-O 11. Kh1 Qb8 12. g4 Nb4 13. Ng3 Bc6 14. Na2 Nxa2 15.
Rxa2 b5 16. axb5 axb5 17. Rxa8 Qxa8 18. c3 d5 19. f5 Be5 20. f6 Nc8 21. Qc1 Nd6
22. Bf4 Bxf4 23. Qxf4 Ne8 24. e5 Qa2 25. Qf2 Qa7 26. b4 Qc7 27. Qxc5 Bd7 28.
Qd4 Bc6 29. Kg1 Qd7 30. h4 Nc7 31. Qe3 Ne8 32. Ra1 Qc8 33. h5 Bd7 34. d4 Ng7
35. hxg6 fxg6 36. fxg7 Kxg7 37. Bf3 Rf7 38. Kg2 Qh8 39. Rh1 h6 40. g5 h5 41.
Bxh5 gxh5 42. Nxh5+ Kg6 43. Nf6 Qc8 44. Qd3+ Kxg5 45. Rh5+ Kf4 46. Qf3# 1-0

[Event "XXXIV Moglianoscacchi C"]
[Site "Mogliano Veneto ITA"]
[Date "2013.04.25"]
[Round "1"]
[White "Rocelli, Bruno"]
[Black "Serradura, Gianluca"]
[WhiteElo "1422"]
[BlackElo "1551"]
[Result "1-0"]
[PlyCount "47"]
[EventDate "2013.04.25"]

1. e4 d6 2. Nf3 Nd7 3. h3 e5 4. Bc4 c6 5. Nc3 Be7 6. d3 Ngf6 7. O-O O-O 8. Nh2
b5 9. Bb3 a5 10. a3 Qc7 11. f4 Nc5 12. f5 Nxb3 13. cxb3 Bb7 14. Ng4 b4 15.
Nxf6+ Bxf6 16. Ne2 d5 17. Ng3 a4 18. bxa4 Qb6+ 19. Kh1 b3 20. Qg4 c5 21. Nh5
dxe4 22. Bh6 Kh8 23. Bxg7+ Kg8 24. Bxf6# 1-0

[Event "XXXIV Moglianoscacchi C"]
[Site "Mogliano Veneto ITA"]
[Date "2013.04.25"]
[Round "1"]
[White "Sponchiado, Dario"]
[Black "Viviani, Tommaso"]
[WhiteElo "1434"]
[BlackElo "1568"]
[Result "1-0"]
[PlyCount "65"]
[EventDate "2013.04.25"]

1. d4 Nf6 2. c4 g6 3. Nc3 d5 4. Nf3 Bg7 5. g3 O-O 6. Bg2 c5 7. dxc5 Qa5 8. O-O
dxc4 9. Qc2 Qxc5 10. Nd2 Bf5 11. Qa4 Nc6 12. Qxc4 Qd6 13. Nb5 Qd7 14. Nb3 a6
15. N5d4 Nxd4 16. Qxd4 Qb5 17. Qe3 e5 18. a4 Qc4 19. Na5 Qe6 20. Nxb7 Ng4 21.
Qa3 Rac8 22. Nc5 Qc4 23. e4 Be6 24. Nxe6 fxe6 25. h3 Nf6 26. Re1 Qd4 27. Be3
Qd8 28. Bc5 Rf7 29. b4 Qd2 30. Rad1 Qc2 31. Rc1 Qd2 32. Red1 Qe2 33. Bf3 1-0

[Event "XXXIV Moglianoscacchi C"]
[Site "Mogliano Veneto ITA"]
[Date "2013.04.25"]
[Round "1"]
[White "Vastano, Ciro"]
[Black "Seguso, Arturo"]
[WhiteElo "1610"]
[BlackElo "1434"]
[Result "1-0"]
[PlyCount "60"]
[EventDate "2013.04.25"]

1. e4 Nf6 2. e5 Nd5 3. Nf3 d6 4. Bc4 Be6 5. O-O Nc6 6. exd6 Qxd6 7. c3 Ne5 8.
Nxe5 Qxe5 9. Re1 Qd6 10. Qb3 O-O-O 11. d4 h6 12. Nd2 Bf5 13. Re5 e6 14. Bxd5
exd5 15. Rxf5 Qg6 16. Rxd5 Bd6 17. Rb5 b6 18. Nc4 Qe4 19. Nxd6+ Rxd6 20. Re5
Qb7 21. Bf4 Rd7 22. Rae1 Rhd8 23. Re8 g5 24. Rxd8+ Rxd8 25. Be5 c6 26. Bf6 Rg8
27. Re7 Qxe7 28. Bxe7 Re8 29. Qxf7 Kd7 30. Qxe8+ Kxe8 1-0

[Event "XXXIV Moglianoscacchi C"]
[Site "Mogliano Veneto ITA"]
[Date "2013.04.25"]
[Round "2"]
[White "Chin, Roberto"]
[Black "Sponchiado, Dario"]
[WhiteElo "1629"]
[BlackElo "1434"]
[Result "0-1"]
[PlyCount "42"]
[EventDate "2013.04.25"]

1. d4 e6 2. Nf3 Nf6 3. e3 d5 4. Bd3 Nbd7 5. Nbd2 b6 6. O-O Bb7 7. c3 Bd6 8. Re1
c5 9. e4 dxe4 10. Nxe4 Be7 11. Qe2 Rc8 12. Bg5 Nxe4 13. Bxe7 Nxc3 14. bxc3 Qxe7
15. Rad1 O-O 16. Bb5 Nf6 17. Ne5 Nd5 18. Qd2 cxd4 19. cxd4 f6 20. Ng4 Nc3 21.
Rc1 Nxb5 0-1

[Event "XXXIV Moglianoscacchi C"]
[Site "Mogliano Veneto ITA"]
[Date "2013.04.25"]
[Round "2"]
[White "De Col, Daniele"]
[Black "Serradura, Gianluca"]
[WhiteElo "1418"]
[BlackElo "1551"]
[Result "0-1"]
[PlyCount "72"]
[EventDate "2013.04.25"]

1. e4 d6 2. d4 Nf6 3. Nc3 e5 4. d5 Nbd7 5. Bb5 a6 6. Ba4 b5 7. Bb3 b4 8. Nce2
Nxe4 9. Nf3 Ndf6 10. O-O Be7 11. a3 bxa3 12. Rxa3 Nc5 13. Ba2 O-O 14. c4 Rb8
15. Qc2 Re8 16. Be3 Bb7 17. Bxc5 dxc5 18. Nxe5 Bf8 19. Re3 Qd6 20. f4 Nh5 21.
Bb1 g6 22. Qc3 Bg7 23. Rff3 Nxf4 24. Nxf4 Bxe5 25. Qe1 Bd4 26. Kh1 Rxe3 27.
Rxe3 Bxe3 28. Qxe3 Qf6 29. Nd3 Qf1+ 30. Qg1 Qxg1+ 31. Kxg1 Bc8 32. Bc2 Bf5 33.
b3 Bxd3 34. Bxd3 Rxb3 35. Bf1 Rb2 36. h3 a5 0-1

[Event "XXXIV Moglianoscacchi C"]
[Site "Mogliano Veneto ITA"]
[Date "2013.04.25"]
[Round "2"]
[White "Luu, Gianmarco"]
[Black "Rigo, Mario"]
[WhiteElo "1392"]
[BlackElo "1483"]
[Result "0-1"]
[PlyCount "62"]
[EventDate "2013.04.25"]

1. e4 e5 2. Nf3 Nc6 3. Bb5 a6 4. Bxc6 dxc6 5. Nxe5 Qd4 6. Ng4 Qxe4+ 7. Ne3 Nf6
8. O-O Bd6 9. Re1 O-O 10. Nc3 Qg6 11. b3 Bd7 12. Bb2 Rfe8 13. d3 Re7 14. Re2
Rae8 15. Qd2 Bf4 16. Rae1 Bg4 17. Ba3 Re6 18. Qd1 Bxe2 19. Rxe2 Bxe3 20. fxe3
Rxe3 21. Rxe3 Rxe3 22. Qd2 Re8 23. Qf4 Nd5 24. Nxd5 cxd5 25. Qxc7 Qf6 26. Bb4
Qa1+ 27. Kf2 Qxa2 28. Qc3 h6 29. h3 d4 30. Qc4 Qa1 31. g4 Qd1 0-1

[Event "XXXIV Moglianoscacchi C"]
[Site "Mogliano Veneto ITA"]
[Date "2013.04.25"]
[Round "2"]
[White "Pomponio, Stefano"]
[Black "Bellucco, Nicola"]
[WhiteElo "1510"]
[BlackElo "1428"]
[Result "1-0"]
[PlyCount "119"]
[EventDate "2013.04.25"]

1. Nf3 Nf6 2. Nc3 g6 3. e4 d6 4. d4 Bg7 5. Bc4 O-O 6. O-O Nbd7 7. Re1 e5 8.
dxe5 Nxe5 9. Nxe5 dxe5 10. Bg5 c6 11. h3 Qe7 12. Re2 Be6 13. Bxe6 Qxe6 14. Rd2
Qc8 15. Rd6 Rd8 16. Qd2 Rxd6 17. Qxd6 Ne8 18. Qd3 Bf6 19. Bxf6 Nxf6 20. Rd1 Qe8
21. f3 Nh5 22. Qd7 Qxd7 23. Rxd7 b6 24. Rc7 c5 25. Nd5 Ng7 26. Nf6+ Kf8 27.
Nxh7+ Kg8 28. Ng5 Ne6 29. Nxe6 fxe6 30. Re7 Rf8 31. Rxe6 Kf7 32. Rxe5 Kf6 33.
Rd5 Ke6 34. Kf2 Rh8 35. f4 Rf8 36. g3 Rf7 37. Ke3 Rh7 38. h4 Rf7 39. g4 Rh7 40.
Re5+ Kf6 41. h5 Rh8 42. g5+ Kf7 43. h6 a6 44. Rd5 Ke7 45. e5 Rb8 46. Rd6 Kf7
47. Ke4 a5 48. Kd5 a4 49. Rf6+ Kg8 50. Rxg6+ Kh7 51. Rd6 b5 52. e6 c4 53. e7 c3
54. bxc3 b4 55. Rd8 b3 56. cxb3 axb3 57. Rxb8 bxa2 58. Ra8 a1=Q 59. Rxa1 Kg8
60. e8=Q+ 1-0

[Event "XXXIV Moglianoscacchi C"]
[Site "Mogliano Veneto ITA"]
[Date "2013.04.25"]
[Round "2"]
[White "Rocelli, Bruno"]
[Black "Beltrame, Leonardo"]
[WhiteElo "1422"]
[BlackElo "1552"]
[Result "0-1"]
[PlyCount "100"]
[EventDate "2013.04.25"]

1. e4 e6 2. Nf3 d5 3. exd5 exd5 4. h3 Nf6 5. d4 Be7 6. Nc3 O-O 7. Bd3 Nc6 8.
Bf4 a6 9. O-O Re8 10. Re1 Nb4 11. a3 Nxd3 12. Qxd3 Be6 13. Re2 h6 14. Rae1 Bd6
15. Be5 c6 16. Bxf6 Qxf6 17. Ne5 Qf5 18. Re3 Qxd3 19. Nxd3 Kf8 20. Na4 Bf5 21.
Nb6 Rxe3 22. Rxe3 Re8 23. Ne5 Bxe5 24. Rxe5 Rxe5 25. dxe5 Ke7 26. c3 Ke6 27. f4
Bc2 28. Kf2 f6 29. exf6 gxf6 30. Ke3 c5 31. Na8 Kd6 32. Nb6 Bb3 33. Kd3 Kc7 34.
Na8+ Kc6 35. g4 Bd1 36. c4 dxc4+ 37. Kxc4 b5+ 38. Kd3 Kb7 39. Ke4 h5 40. gxh5
Bxh5 41. Kf5 b4 42. axb4 cxb4 43. Kxf6 a5 44. Kg7 a4 45. f5 a3 46. bxa3 bxa3
47. f6 a2 48. f7 Bxf7 49. Kxf7 a1=Q 50. h4 Qh8 0-1

[Event "XXXIV Moglianoscacchi C"]
[Site "Mogliano Veneto ITA"]
[Date "2013.04.25"]
[Round "2"]
[White "Schiera, Ignazio"]
[Black "Vastano, Ciro"]
[WhiteElo "1476"]
[BlackElo "1610"]
[Result "1-0"]
[PlyCount "87"]
[EventDate "2013.04.25"]

1. e4 e6 2. Nf3 d5 3. e5 c5 4. c3 Bd7 5. Be2 Qb6 6. Qb3 Qc7 7. O-O Nc6 8. d4
cxd4 9. cxd4 Nge7 10. Bd2 Rc8 11. Bg5 Na5 12. Qd1 Nc4 13. Bxc4 Qxc4 14. Nc3 Qb4
15. Qb3 Qxb3 16. axb3 Nc6 17. Nb5 a6 18. Nd6+ Bxd6 19. exd6 f6 20. Bf4 h5 21.
Rad1 g5 22. Be3 Kf7 23. Ne1 Nb4 24. f4 Kg6 25. fxg5 fxg5 26. Nf3 Bb5 27. Ne5+
Kh7 28. Rf7+ Kg8 29. d7 Rd8 30. Bxg5 Bxd7 31. Rxd7 Rxd7 32. Nxd7 Rh7 33. Ne5
Rc7 34. Rc1 Rg7 35. h4 Kh7 36. g4 hxg4 37. Nxg4 Kg6 38. Ne5+ Kf5 39. Rf1+ Ke4
40. Kf2 Rg8 41. Nd7 Nd3+ 42. Kg3 Kxd4 43. Kf3 Rc8 44. Be3# 1-0

[Event "XXXIV Moglianoscacchi C"]
[Site "Mogliano Veneto ITA"]
[Date "2013.04.25"]
[Round "2"]
[White "Seguso, Arturo"]
[Black "De Luca, Stefano"]
[WhiteElo "1434"]
[BlackElo "1380"]
[Result "1-0"]
[PlyCount "45"]
[EventDate "2013.04.25"]

1. e4 b6 2. d4 Bb7 3. Nc3 e6 4. Bc4 Bb4 5. Nge2 Nf6 6. Bg5 Bxe4 7. O-O Bxc3 8.
Nxc3 d5 9. Qe2 h6 10. Bxf6 Qxf6 11. Nxe4 Qxd4 12. Bxd5 Qxd5 13. c4 Qd8 14. Rad1
Qe7 15. Qf3 c6 16. Nd6+ Kf8 17. Nxf7 Qxf7 18. Rd8+ Ke7 19. Qxf7+ Kxf7 20. Rxh8
a5 21. Rd1 g6 22. Rdd8 Ke7 23. Rxb8 1-0

[Event "XXXIV Moglianoscacchi C"]
[Site "Mogliano Veneto ITA"]
[Date "2013.04.25"]
[Round "2"]
[White "Viviani, Tommaso"]
[Black "Balzan, Alessandro"]
[WhiteElo "1568"]
[BlackElo "1530"]
[Result "0-1"]
[PlyCount "96"]
[EventDate "2013.04.25"]

1. e4 c5 2. d4 cxd4 3. c3 dxc3 4. Nxc3 e6 5. Nf3 Nc6 6. Bc4 Bb4 7. O-O Bxc3 8.
bxc3 h6 9. Qe2 Nge7 10. Rd1 O-O 11. Bf4 Ng6 12. Bd6 Re8 13. Bb3 b6 14. Bc2 e5
15. Bb3 Bb7 16. Rd2 a5 17. Rad1 a4 18. Bc4 Nf4 19. Qe3 Qf6 20. Bc7 Qg6 21. g3
Na5 22. Bb5 Bc6 23. Bxc6 dxc6 24. Nxe5 Rxe5 25. Bxe5 Ne6 26. f4 Nc4 27. Qe2
Nxd2 28. Rxd2 Nc5 29. f5 Qg5 30. h4 Qe7 31. Bd4 Qxe4 32. Bxc5 Qxe2 33. Rxe2
bxc5 34. Re5 Ra5 35. Kf2 f6 36. Re6 Ra6 37. Ke3 a3 38. Kd3 Ra4 39. Rxc6 Rg4 40.
Rxc5 Rxg3+ 41. Ke4 Rg2 42. Ra5 Rxa2 43. c4 Ra1 44. c5 a2 45. c6 Re1+ 46. Kd5
Re5+ 47. Kd6 Rxa5 48. c7 Ra8 0-1

[Event "XXXIV Moglianoscacchi C"]
[Site "Mogliano Veneto ITA"]
[Date "2013.04.26"]
[Round "3"]
[White "Balzan, Alessandro"]
[Black "Chin, Roberto"]
[WhiteElo "1530"]
[BlackElo "1629"]
[Result "1/2-1/2"]
[PlyCount "91"]
[EventDate "2013.04.25"]

1. e4 c6 2. d4 d5 3. Nc3 e6 4. e5 Bb4 5. Qg4 Bf8 6. Nf3 h6 7. Bd3 Na6 8. Bxa6
bxa6 9. Ne2 Ne7 10. Nf4 Nf5 11. c3 a5 12. O-O Ba6 13. Re1 c5 14. a3 Qd7 15. Qh5
Be7 16. g4 g6 17. Qh3 Ng7 18. Ne2 h5 19. dxc5 Bxc5 20. Bg5 Be7 21. Bxe7 Qxe7
22. Ned4 Rc8 23. Re3 Qf8 24. g5 a4 25. Ne1 Qc5 26. Nd3 Bxd3 27. Rxd3 Qc4 28.
Rad1 O-O 29. Qf3 Rb8 30. R3d2 Rb7 31. Qe2 Rc8 32. Kf1 Kf8 33. Qxc4 Rxc4 34. Ke2
Ke7 35. Rb1 Ne8 36. Rc2 Nc7 37. f3 Nb5 38. Kd2 Nxa3 39. Ra1 Nxc2 40. Kxc2 a6
41. Ra2 Rbc7 42. Kd3 Kd7 43. h3 Kc8 44. f4 Kd7 45. Ke3 Ke7 46. Kd3 1/2-1/2

[Event "XXXIV Moglianoscacchi C"]
[Site "Mogliano Veneto ITA"]
[Date "2013.04.26"]
[Round "3"]
[White "Bellucco, Nicola"]
[Black "Viviani, Tommaso"]
[WhiteElo "1428"]
[BlackElo "1568"]
[Result "0-1"]
[PlyCount "122"]
[EventDate "2013.04.25"]

1. e4 d6 2. d4 Nf6 3. Nc3 g6 4. Be3 Bg7 5. Qd2 O-O 6. Bh6 Nc6 7. Bxg7 Kxg7 8.
f4 e5 9. d5 Nd4 10. Bc4 c5 11. Bd3 Re8 12. Nd1 c4 13. fxe5 Rxe5 14. Bxc4 Rxe4+
15. Kf1 Ng4 16. Be2 Qf6+ 17. Nf3 Nxe2 18. Qd3 Re7 19. c3 Bd7 20. Nf2 Nxf2 21.
Kxf2 Nf4 22. Qc4 Rae8 23. Rhe1 Rxe1 24. Rxe1 Rxe1 25. Nxe1 Nxd5+ 26. Nf3 Bc6
27. Kg3 h5 28. h3 Ne3 29. Qd3 Bxf3 30. Qxe3 Bc6 31. Kh2 Qe5+ 32. Qxe5+ dxe5 33.
Kg3 Kf6 34. Kf2 Kf5 35. g3 e4 36. c4 Ke5 37. Ke3 g5 38. b4 f5 39. b5 Bd7 40. a4
f4+ 41. gxf4+ gxf4+ 42. Kf2 Bxh3 43. c5 e3+ 44. Kf3 Bg4+ 45. Kg2 e2 46. Kf2 f3
47. a5 Bd7 48. c6 bxc6 49. b6 axb6 50. a6 Bc8 51. a7 Bb7 52. a8=Q Bxa8 53. Ke1
b5 54. Kf2 c5 55. Ke1 b4 56. Kf2 b3 57. Ke1 b2 58. Kf2 b1=Q 59. Kg3 e1=Q+ 60.
Kh2 Qb2+ 61. Kh3 Qg2# 0-1

[Event "XXXIV Moglianoscacchi C"]
[Site "Mogliano Veneto ITA"]
[Date "2013.04.26"]
[Round "3"]
[White "Beltrame, Leonardo"]
[Black "Schiera, Ignazio"]
[WhiteElo "1552"]
[BlackElo "1476"]
[Result "1-0"]
[PlyCount "45"]
[EventDate "2013.04.25"]

1. e4 d6 2. d4 Nf6 3. Nc3 g6 4. Nf3 Bg7 5. Be2 c6 6. O-O b5 7. e5 Nfd7 8. exd6
exd6 9. Bf4 Nf6 10. a3 a6 11. Re1 O-O 12. Bd3 Bg4 13. h3 Bxf3 14. Qxf3 d5 15.
Re2 Nbd7 16. Rae1 Nh5 17. Bd6 Bxd4 18. Bxf8 Qxf8 19. Re7 Nc5 20. Rc7 Rc8 21.
Ree7 Rxc7 22. Rxc7 Qd6 23. Qxf7+ 1-0

[Event "XXXIV Moglianoscacchi C"]
[Site "Mogliano Veneto ITA"]
[Date "2013.04.26"]
[Round "3"]
[White "De Col, Daniele"]
[Black "Luu, Gianmarco"]
[WhiteElo "1418"]
[BlackElo "1392"]
[Result "1/2-1/2"]
[PlyCount "56"]
[EventDate "2013.04.25"]

1. Nf3 c5 2. d3 d6 3. g3 Nf6 4. Bg2 a6 5. O-O e5 6. e4 Be7 7. Nc3 O-O 8. Bg5 h6
9. Bd2 Nc6 10. Qc1 Nh7 11. Bxh6 gxh6 12. Qxh6 Bg5 13. Nxg5 Qxg5 14. Qxd6 Nd4
15. f4 Qh5 16. fxe5 Nxc2 17. Rac1 Ne3 18. Bf3 Ng4 19. Rf2 Ng5 20. Bxg4 Bxg4 21.
Rf6 Nf3+ 22. Rxf3 Bxf3 23. Rf1 Bg4 24. Nd5 Kg7 25. Qf6+ Kg8 26. Nf4 Qh7 27. Nd5
Rae8 28. Qg5+ Qg7 1/2-1/2

[Event "XXXIV Moglianoscacchi C"]
[Site "Mogliano Veneto ITA"]
[Date "2013.04.26"]
[Round "3"]
[White "Piazzetta, Mattia"]
[Black "Pomponio, Stefano"]
[WhiteElo "1389"]
[BlackElo "1510"]
[Result "1-0"]
[PlyCount "73"]
[EventDate "2013.04.25"]

1. d4 d5 2. c4 e6 3. Nc3 Nf6 4. Bg5 Be7 5. e3 dxc4 6. Bxc4 c6 7. Nf3 O-O 8. O-O
b5 9. Bd3 h6 10. Bh4 Nd5 11. Bxe7 Nxe7 12. Qc2 Nd7 13. Rfc1 Bb7 14. b4 a5 15.
a3 a4 16. Ne4 Nb6 17. Nc5 Bc8 18. Ne5 f5 19. h3 Nd7 20. Nxe6 Qb6 21. Nxf8 Nxe5
22. dxe5 Kxf8 23. Qc5 Qd8 24. Rd1 Qc7 25. Bxb5 Bb7 26. Rd6 Kg8 27. Rad1 Nc8 28.
Rd8+ Kh7 29. R1d7 Qb8 30. Bxc6 Bxc6 31. Qxc6 Qxe5 32. Qc7 Qa1+ 33. Kh2 Ra7 34.
Qc5 Rxd7 35. Qxf5+ g6 36. Qxd7+ Qg7 37. Qxg7+ 1-0

[Event "XXXIV Moglianoscacchi C"]
[Site "Mogliano Veneto ITA"]
[Date "2013.04.26"]
[Round "3"]
[White "Rigo, Mario"]
[Black "Sponchiado, Dario"]
[WhiteElo "1483"]
[BlackElo "1434"]
[Result "1-0"]
[PlyCount "117"]
[EventDate "2013.04.25"]

1. e4 c5 2. Nc3 Nc6 3. g3 e6 4. d3 Nf6 5. f4 d5 6. e5 Nd7 7. Bg2 h5 8. Nf3 Nd4
9. Bd2 Qb6 10. Rb1 Nxf3+ 11. Qxf3 h4 12. g4 Qc6 13. h3 b5 14. b3 Bb7 15. O-O a6
16. Rbe1 Qc7 17. Qe2 Rb8 18. f5 d4 19. Bxb7 dxc3 20. Bxc3 Rxb7 21. Qf3 Nb6 22.
Ba5 Qd7 23. fxe6 fxe6 24. Bxb6 Rxb6 25. g5 c4 26. dxc4 Bc5+ 27. Kh2 Rf8 28.
Qh5+ Ke7 29. g6 Rf2+ 30. Rxf2 Bxf2 31. Rd1 Bd4 32. Qxh4+ Ke8 33. Qxd4 Qxd4 34.
Rxd4 bxc4 35. Rxc4 Rb5 36. Re4 Rd5 37. Kg3 Rd2 38. Rc4 Kd7 39. a4 Re2 40. Rc5
Re1 41. Kf2 Rh1 42. Rc3 Rh2+ 43. Kg3 Re2 44. Kf3 Rxe5 45. Rd3+ Kc6 46. Kf4 Re2
47. c3 a5 48. Re3 Rf2+ 49. Ke5 Kd7 50. Rd3+ Ke7 51. Rg3 Rf5+ 52. Ke4 Rf1 53.
Rf3 Rh1 54. Rf7+ Ke8 55. Rxg7 Rxh3 56. Rc7 Kf8 57. Ke5 Re3+ 58. Kf6 Rf3+ 59.
Kxe6 1-0

[Event "XXXIV Moglianoscacchi C"]
[Site "Mogliano Veneto ITA"]
[Date "2013.04.26"]
[Round "3"]
[White "Serradura, Gianluca"]
[Black "Seguso, Arturo"]
[WhiteElo "1551"]
[BlackElo "1434"]
[Result "1-0"]
[PlyCount "55"]
[EventDate "2013.04.25"]

1. Nf3 Nc6 2. e4 e5 3. d4 exd4 4. Bc4 h6 5. O-O Bc5 6. c3 dxc3 7. Bxf7+ Kxf7 8.
Qd5+ Ke8 9. Qxc5 Qe7 10. Qc4 d6 11. Nxc3 Kd8 12. Bf4 Be6 13. Nd5 Qf7 14. Bg3
Nf6 15. Rad1 Re8 16. Rfe1 Bxd5 17. exd5 Rxe1+ 18. Nxe1 Ne7 19. Qc3 Rb8 20. Qa5
Nc8 21. Nc2 Ne4 22. Ne3 Nxg3 23. fxg3 g6 24. Rf1 Qg7 25. Qa4 a6 26. Qg4 Qh7 27.
Qe6 Qe7 28. Qg8+ 1-0

[Event "XXXIV Moglianoscacchi C"]
[Site "Mogliano Veneto ITA"]
[Date "2013.04.26"]
[Round "3"]
[White "Vastano, Ciro"]
[Black "Rocelli, Bruno"]
[WhiteElo "1610"]
[BlackElo "1422"]
[Result "0-1"]
[PlyCount "84"]
[EventDate "2013.04.25"]

1. e4 c5 2. Nf3 Nc6 3. d4 cxd4 4. Nxd4 e5 5. Nb5 h6 6. Nd6+ Bxd6 7. Qxd6 Qf6 8.
Qd1 Nge7 9. Nc3 a6 10. Be2 b5 11. O-O Bb7 12. Be3 Nd4 13. Bd3 d6 14. f4 Ng6 15.
fxe5 Qxe5 16. Kh1 O-O 17. a3 d5 18. exd5 Qxe3 19. Qg4 Ne5 20. Qh4 Nxd3 21. cxd3
Nb3 22. Rae1 Qxd3 23. Ne4 Qxd5 24. Qg3 f5 25. Nd6 f4 26. Qh3 Qxd6 27. Qxb3+ Kh8
28. Rd1 Qg6 29. Rf2 Rad8 30. Rdf1 Rd3 31. Qb4 Rfd8 32. Qxf4 Rd1 33. Re2 Rxf1+
34. Qxf1 a5 35. Rf2 b4 36. axb4 axb4 37. Kg1 Ba6 38. Qc1 Qd6 39. g4 Qd4 40. Kg2
Bb7+ 41. Kf1 Qxg4 42. Rf4 Rd1+ 0-1

[Event "XXXIV Moglianoscacchi C"]
[Site "Mogliano Veneto ITA"]
[Date "2013.04.27"]
[Round "4"]
[White "Chin, Roberto"]
[Black "Luu, Gianmarco"]
[WhiteElo "1629"]
[BlackElo "1392"]
[Result "0-1"]
[PlyCount "50"]
[EventDate "2013.04.25"]

1. d4 d5 2. Nf3 Nf6 3. e3 Nc6 4. Bd3 e6 5. Nbd2 Bd6 6. c3 O-O 7. O-O Re8 8. Re1
e5 9. dxe5 Nxe5 10. Nxe5 Bxe5 11. h3 c6 12. Nf3 Bc7 13. b3 Qd6 14. a4 Be6 15.
Ba3 Qd7 16. Kf1 b6 17. Qc2 h6 18. Rad1 Nh5 19. c4 Bxh3 20. cxd5 Bxg2+ 21. Kxg2
Qg4+ 22. Kf1 Qxf3 23. Kg1 Qg4+ 24. Kf1 Qf3 25. Kg1 Be5 0-1

[Event "XXXIV Moglianoscacchi C"]
[Site "Mogliano Veneto ITA"]
[Date "2013.04.27"]
[Round "4"]
[White "De Luca, Stefano"]
[Black "Vastano, Ciro"]
[WhiteElo "1380"]
[BlackElo "1610"]
[Result "0-1"]
[PlyCount "74"]
[EventDate "2013.04.25"]

1. d4 e6 2. Nf3 Nf6 3. Bf4 d5 4. e3 Be7 5. h3 O-O 6. Bd3 b6 7. Ne5 c5 8. c3 Qc7
9. g4 Ba6 10. Nxf7 Qxf4 11. exf4 Rxf7 12. Bc2 Nc6 13. g5 Nd7 14. h4 Rxf4 15.
Bxh7+ Kxh7 16. Qh5+ Kg8 17. g6 Nf8 18. Nd2 Bd3 19. O-O-O Bxg6 20. Qe2 cxd4 21.
Nf3 Bh5 22. Rd3 Rc8 23. Rh3 e5 24. Qd2 Bf6 25. Ng5 Nb4 26. Rdg3 dxc3 27. bxc3
d4 28. Kb2 Nd5 29. Qc2 Bg6 30. Qb3 dxc3+ 31. Rxc3 Rxf2+ 32. Ka3 Be7+ 33. Ka4
Be8+ 34. Qb5 Bxb5+ 35. Kxb5 Nxc3+ 36. Ka6 Rc7 37. Ne4 Rxa2# 0-1